1886 1577 1348 1369 1561 1240 1057 1876 1238 1048 1123 1863 1937 1615 1993 1424 1408 1273 1228 1589 1897 1734 1723 1547 1356 1222 1585 1617 1711 1799 1709 1581 1224 1874 1495 1242 1291 1346 1585 1976 1489 1420 1283 1596 1270 1697 1618 1095 1130 1295 1432 1017 1512 1737 1256 1037 1910 1818 1496 1187 1808 1745 1161 1267 1810 1918 1099 1965 1298 1708 1413 1298 1203 1516 1530 1464 1587 1763 1049 1041 1593 1100 1895 1304 1767 1746 1757 1504 1160 1659 1724 1028 1332 1059 1823 1240 1059 1107 1407 BCNSPRNW ULIB Ver.6.0+V

เปลี่ยนเป็นภาษาไทย

Change to English
 แสดงรายละเอียดบรรณานุกรม
  กลับหน้าหลัก

Brief Record : Get Marc (ISO 2709) : E-mail record : QR code < ปิดหน้าต่าง
LEADER : 00000nam 2200000uu 4500
001    13399111340
003     ULIB
008    110622s2552||||th 000 0 tha d
020    9789749922958
060 04 WY87^bช576ค
245 00 คู่มือทักษะการสื่อสารสำหรับพยาบาลและนักเรียนพยาบาล /^cบรรณาธิการ ชิษณุ พันธุ์เจริญ, จรุงจิตร์ งามไพบูลย์
246 34 คู่มือทักษะการสื่อสารสำหรับพยาบาลและนักเรียนพยาบาล :^bฉบับพกพา
260    กรุงเทพฯ :^bศูนย์ฝึกอบรมทักษะการสื่อสาร ฝ่ายกุมารเวชศาสตร์โรงพยาบาลจุฬาลงกรณ์,^c2552
300    208 หน้า :^bภาพประกอบ ;^c19 ซม.
650  7 การสื่อสารทางการพยาบาล^vคู่มือ
700 0  ชิษณุ พันธุ์เจริญ,^eบรรณาธิการ
700 0  จรุงจิตร์ งามไพบูลย์,^eบรรณาธิการ
710 2  โรงพยาบาลจุฬาลงกรณ์. ^bฝ่ายกุมารเวชศาสตร์.^bศูนย์ฝึกอบรมทักษะการสื่อสาร
945    ^p90^l0^i18011
945    ^p90^l0^i18010
945    ^p90^l0^i18009
945    ^p90^l0^i23069
945    ^p90^l0^i23070
945    ^p90^l0^i23071
999    ^aใช้งานได้ทุกระบบ
รายการนี้ยังไม่มีแท็ก
คุณยังไม่ได้ล็อกอิน คุณสามารถมีกิจกรรมร่วมกับเว็บไซต์ได้ แต่ต้องล็อกอินก่อน ::
  ล็อกอิน

รายการสื่อสารสนเทศ

ลำดับที่ ประเภท เลขเรียก/บาร์โค้ด สถานที่ สถานะ
- ไม่พบข้อมูล -

BibComment


ยังไม่เคยถูกคอมเมนท์

คอมเมนท์ทรัพยากรรายการนี้
  คอมเมนท์: คู่มือทักษะการสื่..


 Copyright 2026. Bcnsprnw @Library